000 00374 a2200157 4500
001 58145
020 _a8616047601
040 _cAnchieta - Pituba
100 _aMaranhão, Salgado
240 1 0 _aAntologia da poesia negra brasileira
_lpor
245 1 0 _aAntologia da poesia negra brasileira
300 _a180
362 0 _a2005
650 4 _aPoesia brasileira
942 _cBK
999 _c58145
_d58145